000 00430nam a2200205Ia 4500
001 003902
003 YMCAF
005 20230512160238.0
008 100717s1974 ||||||||||||||||| ||und|d
024 _a3902
035 _a3907
040 _aYMCAF
_beng
_cIN-KoLT
041 _aeng
082 _aAPP-CUR
100 _aCURRICULUM DEV
245 0 _aAPPLIED CIRCUITS THEORY
260 _c1974
300 _a197
942 _2ddc
_cBK
999 _c3099
_d3099